Led Zeppelin ~ Black Dog - Statistics

General Stats
  • This quiz has been taken 95 times
    31 since last reset
  • The average score is 104 of 219
Answer Stats
Answer % Correct
you
96%
Gonna
91%
gonna
91%
Hey
91%
make
91%
way
91%
groove
87%
move
87%
Move
87%
sweat
87%
the
87%
Oh
78%
oh
78%
a
74%
A
74%
mama
74%
said
70%
baby
65%
that
65%
I
61%
no
57%
my
52%
yeah
52%
away
48%
burn
48%
do
48%
now
48%
thing
48%
Ah
43%
ah
43%
can't
43%
Can't
43%
shake
43%
Hey-hey
39%
keep
39%
walk
39%
when
39%
woman
39%
and
35%
be
35%
come
35%
me
35%
sting
35%
your
35%
by
30%
Got
30%
got
30%
What
30%
what
30%
ain't
26%
been
26%
don't
26%
happy
26%
know
26%
man
26%
pretty
26%
she
26%
soul
26%
child
22%
heart
22%
her
22%
honey
22%
I've
22%
of
22%
star
22%
told
22%
Watch
22%
all
17%
All
17%
big
17%
car
17%
drip
17%
for
17%
get
17%
head
17%
legged
17%
lies
17%
money
17%
tell
17%
ask
13%
burning
13%
But
13%
down
13%
Dreams
13%
fill
13%
flaming
13%
gotta
13%
long
13%
out
13%
pray
13%
red
13%
roll
13%
stand
13%
Steady
13%
still
13%
through
13%
too
13%
took
13%
Eyes
9%
friend
9%
hand
9%
hold
9%
shine
9%
Spent
9%
Started
9%
take
9%
telling
9%
Darling
4%
found
4%
mean
4%
people
4%
rollin'
4%
while
4%
Ah-ah
0%
Didn't
0%
'fore
0%
Need
0%
No matching quizzes found
Score Distribution
Percent of People with Each Score
Percentile by Number Answered
Your Score History
You have not taken this quiz since the last reset